000
00283nam a22001337a 4500
008
181009b xxu||||| |||| 00| 0 eng d
020
_a
9781574440430
041
_a
eng
080
_a
610
100
_a
4
101
_a
SHM
245
_a
Quality Care
_c
Caroselli,M
942
_2
udc
_c
BK
999
_c
49086
_d
49086